000 00760cab a2200253 4500
001 WB3307-14
008 090401t1997 xxu||||| |||| 00| 0 eng d
035 _a(Sirsi) u49472
041 _aeng
245 _aGo-ahead for homes sale over damages
260 _c1997
350 _a0
490 _aFinancial Times
_v14 February 1997, 9(1)
520 _aWelwyn Hatfield DC has permission from the DoE to sell off 11,200 council houses to cover damages awarded to Slough Estates Property Group by the courts.
650 _aCOUNCIL HOUSING
650 _aDAMAGES
650 _aHOUSING STOCK
650 _aSLOUGH ESTATES PROPERTY GROUP
650 _aTRANSFER
650 _aWELWYN HATFIELD DC
690 _aHOUSING
942 _n0
948 _c04/03/1997
999 _c30963
_d30963